| 000 | 00618nam a22001937a 4500 | ||
|---|---|---|---|
| 003 | OSt | ||
| 005 | 20250813181833.0 | ||
| 008 | 250809b |||||||| |||| 00| 0 eng d | ||
| 020 | _a978-84-08-29959-2 | ||
| 040 | _cBiblioteca Centerville | ||
| 100 |
_aDueñas, María _d(1964-) _913 _eautor |
||
| 245 |
_aPor si un día volvemos _b: _c/ María Dueñas |
||
| 250 | _aPrimera edición: marzo 2025 | ||
| 260 |
_aBarcelona _bEditorial Planeta, S.A. _c2025 |
||
| 300 |
_a536 páginas _c25 cm |
||
| 490 | _aAutores Españoles e Iberoamericanos | ||
| 700 |
_aGálvez Martín Cristina _d(1977-) _910 _eColaborador |
||
| 942 |
_2ddc _cMO _n0 |
||
| 999 |
_c7 _d7 |
||